El descubrimiento del Universo

Guardat en:
Dades bibliogràfiques
Autor principal: Hacyan, Shahen (Autor)
Format: Llibre
Idioma:espanyol
Publicat: Ciudad de México Secretaría de Educación Pública, Fondo de Cultura Económica 1986
Col·lecció:La Ciencia desde México, 6
Matèries:
Etiquetes: Afegir etiqueta
Sense etiquetes, Sigues el primer a etiquetar aquest registre!

MARC

LEADER 00000nam a2200000 a 4500
001 UCW8477
003 CL-VaPUC
008 880912e19860000MX |||||||||||||||||spa|d
082 0 4 |a 523.1  |b HAC  |2 21 
100 |a Hacyan, Shahen  |e author  |9 571763 
245 1 3 |a El descubrimiento del Universo 
300 |a 157 p 
942 |c BK 
945 |d 19880912 00:00:00 
260 |a Ciudad de México  |b Secretaría de Educación Pública, Fondo de Cultura Económica  |c 1986 
650 0 |a Cosmología  |9 269138 
650 0 |a Cosmogonía   |9 268652 
583 |a last modification  |c 19880912 00:00:00  |k Rodrigo Vera 
490 0 |a La Ciencia desde México, 6 
999 |c 220833  |d 220831 
952 |0 0  |1 0  |4 0  |6 523_100000000000000_HAC_1986  |7 0  |8 A  |9 213545  |a BIBCUR  |b BIBCUR  |d 2019-11-15  |i 2818957  |o 523.1 HAC 1986  |p 2818957  |r 2025-04-22  |w 2019-11-15  |y BK  |k FIS